Jazyk súčasnej umeleckej literatúry a špecifiká prekladu diel pre deti a mládež
Jazyk umeleckej literatúry vo všeobecnosti. Definovanie pojmu literatúra pre deti a mládež. Špecifika jazyka detí a mládeže. Preklad jazyka detí a mládeže z anglofónneho prostredia.
Saved in:
| Main Author: | |
|---|---|
| Format: | Book Chapter |
| Language: | Slovak |
| Subjects: | |
| Tags: |
No Tags, Be the first to tag this record!
|
MARC
| LEADER | 00000nla a2200000 4500 | ||
|---|---|---|---|
| 001 | 0216417 | ||
| 005 | 20240502073615.5 | ||
| 041 | 0 | |a slo | |
| 044 | |a SK | ||
| 245 | 1 | 0 | |a Jazyk súčasnej umeleckej literatúry a špecifiká prekladu diel pre deti a mládež |c Zuzana Močková Lorková |
| 520 | |a Jazyk umeleckej literatúry vo všeobecnosti. Definovanie pojmu literatúra pre deti a mládež. Špecifika jazyka detí a mládeže. Preklad jazyka detí a mládeže z anglofónneho prostredia. | ||
| 610 | 2 | 0 | |a literatúra |
| 610 | 2 | 0 | |a deti |
| 610 | 2 | 0 | |a mládež |
| 610 | 2 | 0 | |a preklady |
| 100 | 1 | |a Močková Lorková, Zuzana | |